Be van a falu kerítve

Bibliographic Details
Format: Article
Language:Hungarian
ISBN:8080560897
Subjects:

MARC

LEADER 00000nab a2200000 a 4500
001 vtls000684976
003 SK-MaSNL
005 20260302180152.0
008 160414s1998 xo 0 hun
015 |a SNBRH1998/04-00940 
035 |a CLN000037143 
040 |a SNKBUCL  |b slo  |c SNKBUCL  |e AACR2 
041 0 |a hun 
044 |a xo  |c SK 
080 |a 784.71  |2 1997 
245 0 0 |a Be van a falu kerítve  |h hudobnina 
650 0 7 |a vokálna tvorba  |2 SNKPH  |9 289891 
650 0 7 |a spev  |2 SNKPH  |9 3420 
650 0 7 |a vojenské piesne  |2 SNKPH  |9 69603 
773 0 |w SK01SNK19980301101  |z 8080560897  |t Mikor engem besoroztak  |d Komárno : KT Kiadó, 1998  |g S. [58] 
850 |a Slovenská národná knižnica v Martine 
852 |a SNK  |b KIS3GCP 
924 |a spev 
958 |a TL 
958 |a RZH 
999 |c 1409721  |d 1411651